| 000 | 01241nam a2200217Ia 4500 | ||
|---|---|---|---|
| 003 | Ost | ||
| 005 | 20260507075135.0 | ||
| 008 | 260507s9999||||xx |||||||||||||| ||und|| | ||
| 040 | _cfsecg | ||
| 041 | _aara | ||
| 082 | _a330 | ||
| 100 |
_aالدويري، زكريا _eمؤلف |
||
| 245 | 0 |
_aالبنوك المركزية والسياسات النقدية / _c زكريا الدويري |
|
| 260 |
_aعمان: _bدار اليازوري العلمية للنشر والتوزيع, _c2006 |
||
| 300 |
_a259 صفحة؛ _bإيضاحات ؛ _c24 سم |
||
| 520 | _aنشأة وتطور البنوك المركزية- إصدار النقود وبنك الحكومة- البنك المركزي كبنك للبنوك وكقيم على احتياطات العملات الأجنبية- إدارةالإئتمان المصرفي- استقلالية البنوك المركزية- البنوك المركزية والتنمية الإقتصادية- السياسة النقدية والبنوك المركزية في الدول النامية- تجارب البنوك المركزية في العالم. | ||
| 653 | _aالبنوك | ||
| 653 | _aالنقود | ||
| 700 |
_aالسامرائي، يسرى _eمؤلف ثانوي |
||
| 942 | _cكتاب | ||
| 999 |
_c43257 _d43257 |
||